| 000 | 02036nam a22002297a 4500 | ||
|---|---|---|---|
| 999 |
_c58048 _d58048 |
||
| 003 | Ge_BSU | ||
| 005 | 20210527133222.0 | ||
| 008 | 210527s2021 ge ||||| |||| 00| 0 geo d | ||
| 041 | _ageo | ||
| 080 | _a339 ჯ-42 | ||
| 100 |
_aჯიბლაძე, მალვინა _911900 |
||
| 245 |
_aტრანსნაციონალური კომპანიები გლობალურ ბიზნესსა და სოციალურ გარემოში : პრობლემები, შესაძლებლობები, ტენდენციები : _b(სამხრეთ- კავკასიის ქვეყნების მაგალითზე) / _cმალვინა ჯიბლაძე; სამეცნიერო ხელმძღვანელი ირაკლი მანველიძე, თეიმურაზ შენგელია; ბათუმის შოთა რუსთაველის სახელმწიფო უნივერსიტეტი. |
||
| 264 |
_aბათუმი, _c2021. |
||
| 300 |
_a205 გვ.: _bილ. ცხრ., _c30 სმ. |
||
| 504 | _aბიბლიოგრ. გვ. 175 - 189 | ||
| 653 | _aტრანსნაციონალური კომპანიები გლობალურ ბიზნესსა და სოციალურ გარემოში : პრობლემები, შესაძლებლობები, ტენდენციები | ||
| 653 | _aეკონომიკა | ||
| 700 |
_aმანველიძე, ირაკლი _eსამეცნიერო ხელმძღვანელი _92014 |
||
| 700 |
_aშენგელია, თეიმურაზ _eსამეცნიერო ხელმძღვანელი _9814 |
||
| 710 |
_aბათუმის შოთა რუსთაველის სახელმწიფო უნივერსიტეტი _911901 |
||
| 942 |
_2udc _cBK |
||